000 00919cam a2200253 a 4500
001 14664884
005 20180216080742.0
008 061211s2008 njua b 001 0 eng
010 _a 2006100842
020 _a9780131134140 (pbk.)
020 _a0131134140 (pbk.)
040 _aDLC
_cDLC
_dDLC
041 _aeng
043 _an-us---
080 _a362.10973 ann
082 0 0 _a362.10973 ann
_222
100 1 _a4
101 _ashm
245 1 4 _aThe United States health care system :
_cAnne Austin, Victoria Wetle.
504 _aIncludes bibliographical references and index.
906 _a7
_bcbc
_corignew
_d1
_eecip
_f20
_gy-gencatlg
942 _2ddc
_cBK
999 _c42827
_d42827